[Event "European Chess Club Cup 2023"]
[Site "Durres, Albania"]
[Date "2023.10.03"]
[Round "3.63"]
[White "Zanan, Evgeny"]
[Black "Govciyan, Pavel"]
[Result "1/2-1/2"]
[TimeControl "90' + 30' & 30\""]
[WhiteElo "2465"]
[BlackElo "2440"]

1. e4 {[%clk 01:29:21]} {[%emt 00:01:39]} e5 {[%clk 01:30:43]} {[%emt
00:00:17]} 2. Nf3 {[%clk 01:29:26]} {[%emt 00:00:24]} Nc6 {[%clk 01:31:08]}
{[%emt 00:00:07]} 3. Bb5 {[%clk 01:29:51]} {[%emt 00:00:04]} a6 {[%clk
01:31:04]} {[%emt 00:00:34]} 4. Ba4 {[%clk 01:30:09]} {[%emt 00:00:12]} Nge7
{[%clk 01:31:23]} {[%emt 00:00:11]} 5. c3 {[%clk 01:27:42]} {[%emt 00:02:57]}
d6 {[%clk 01:30:15]} {[%emt 00:01:38]} 6. d4 {[%clk 01:25:07]} {[%emt
00:03:05]} Bd7 {[%clk 01:29:54]} {[%emt 00:00:52]} 7. d5 {[%clk 01:21:38]}
{[%emt 00:03:59]} Nb8 {[%clk 01:29:43]} {[%emt 00:00:40]} 8. c4 {[%clk
01:21:54]} {[%emt 00:00:13]} b5 {[%clk 01:29:56]} {[%emt 00:00:18]} 9. cxb5
{[%clk 01:22:18]} {[%emt 00:00:07]} axb5 {[%clk 01:30:14]} {[%emt 00:00:10]} 10.
Bc2 {[%clk 01:22:35]} {[%emt 00:00:14]} Ng6 {[%clk 01:26:20]} {[%emt 00:04:24]}
11. Nc3 {[%clk 01:16:27]} {[%emt 00:06:38]} Be7 {[%clk 01:26:19]} {[%emt
00:00:31]} 12. h3 {[%clk 01:01:02]} {[%emt 00:15:55]} O-O {[%clk 01:24:31]}
{[%emt 00:02:18]} 13. O-O {[%clk 01:00:38]} {[%emt 00:00:53]} Na6 {[%clk
01:21:05]} {[%emt 00:03:57]} 14. Be3 {[%clk 00:51:19]} {[%emt 00:09:49]} Qe8
{[%clk 01:12:04]} {[%emt 00:09:31]} 15. Rc1 {[%clk 00:45:16]} {[%emt 00:06:33]}
f5 {[%clk 00:47:54]} {[%emt 00:24:40]} 16. exf5 {[%clk 00:42:04]} {[%emt
00:03:42]} Bxf5 {[%clk 00:48:16]} {[%emt 00:00:07]} 17. Bxf5 {[%clk 00:41:43]}
{[%emt 00:00:52]} Rxf5 {[%clk 00:48:42]} {[%emt 00:00:04]} 18. Ne4 {[%clk
00:20:55]} {[%emt 00:21:18]} h6 {[%clk 00:42:11]} {[%emt 00:07:01]} 19. a3
{[%clk 00:18:38]} {[%emt 00:02:47]} Bd8 {[%clk 00:34:40]} {[%emt 00:08:02]} 20.
Re1 {[%clk 00:14:53]} {[%emt 00:04:14]} b4 {[%clk 00:24:44]} {[%emt 00:10:25]}
21. a4 {[%clk 00:13:20]} {[%emt 00:02:03]} b3 {[%clk 00:25:07]} {[%emt
00:00:07]} 22. Rc4 {[%clk 00:11:49]} {[%emt 00:02:01]} Nb8 {[%clk 00:17:25]}
{[%emt 00:08:13]} 23. Nh2 {[%clk 00:10:44]} {[%emt 00:01:35]} Rf8 {[%clk
00:14:17]} {[%emt 00:03:39]} 24. Qxb3 {[%clk 00:10:17]} {[%emt 00:00:56]} Nd7
{[%clk 00:14:26]} {[%emt 00:00:21]} 25. Qd1 {[%clk 00:09:05]} {[%emt 00:01:41]}
Qf7 {[%clk 00:14:16]} {[%emt 00:00:41]} 26. b3 {[%clk 00:06:09]} {[%emt
00:03:27]} Ne7 {[%clk 00:12:55]} {[%emt 00:01:50]} 27. Nc3 {[%clk 00:05:08]}
{[%emt 00:01:30]} Rb8 {[%clk 00:11:32]} {[%emt 00:01:54]} 28. a5 {[%clk
00:03:24]} {[%emt 00:02:14]} Ra8 {[%clk 00:09:08]} {[%emt 00:02:54]} 29. b4
{[%clk 00:02:47]} {[%emt 00:01:07]} Nf6 {[%clk 00:09:24]} {[%emt 00:00:14]} 30.
Ng4 {[%clk 00:02:23]} {[%emt 00:00:54]} Nfxd5 {[%clk 00:07:28]} {[%emt
00:02:25]} 31. Bxh6 {[%clk 00:02:20]} {[%emt 00:00:34]} c5 {[%clk 00:05:20]}
{[%emt 00:02:38]} 32. bxc5 {[%clk 00:00:52]} {[%emt 00:01:58]} Bxa5 {[%clk
00:05:19]} {[%emt 00:00:32]} 33. cxd6 {[%clk 00:00:43]} {[%emt 00:00:39]} Nxc3
{[%clk 00:04:41]} {[%emt 00:01:07]} 34. Qc2 {[%clk 00:00:32]} {[%emt 00:00:41]}
Ned5 {[%clk 00:00:55]} {[%emt 00:04:16]} 35. Nxe5 {[%clk 00:00:48]} {[%emt
00:00:15]} Qf5 {[%clk 00:01:08]} {[%emt 00:00:16]} 36. Qxf5 {[%clk 00:00:55]}
{[%emt 00:00:23]} Rxf5 {[%clk 00:01:37]} {[%emt 00:00:01]} 37. Bd2 {[%clk
00:00:45]} {[%emt 00:00:40]} Bb6 {[%clk 00:01:17]} {[%emt 00:00:50]} 38. Ng4
{[%clk 00:00:54]} {[%emt 00:00:21]} Nb5 {[%clk 00:00:54]} {[%emt 00:00:53]} 39.
d7 {[%clk 00:01:14]} {[%emt 00:00:09]} Rd8 {[%clk 00:00:56]} {[%emt 00:00:29]}
40. Re8+ {[%clk 00:00:41]} {[%emt 00:01:03]} Rf8 {[%clk 00:00:36]} {[%emt
00:00:49]} 41. Rxf8+ {[%clk 00:15:47]} {[%emt 00:15:25]} Rxf8 {[%clk 00:25:36]}
{[%emt 00:05:30]} 42. Bg5 {[%clk 00:10:49]} {[%emt 00:05:28]} Nd6 {[%clk
00:20:03]} {[%emt 00:06:03]} 43. Rc6 {[%clk 00:06:27]} {[%emt 00:04:52]} Nf7
{[%clk 00:19:07]} {[%emt 00:01:26]} 44. Bd2 {[%clk 00:05:36]} {[%emt 00:01:21]}
Nd8 {[%clk 00:11:31]} {[%emt 00:08:05]} 45. Rd6 {[%clk 00:04:48]} {[%emt
00:01:18]} Rf5 {[%clk 00:11:43]} {[%emt 00:00:18]} 46. Ne3 {[%clk 00:04:41]}
{[%emt 00:00:38]} Bxe3 {[%clk 00:09:24]} {[%emt 00:02:49]} 47. fxe3 {[%clk
00:04:47]} {[%emt 00:00:23]} Ne7 {[%clk 00:05:29]} {[%emt 00:04:25]} 48. e4
{[%clk 00:03:56]} {[%emt 00:01:22]} Re5 {[%clk 00:03:36]} {[%emt 00:02:23]} 49.
Bc3 {[%clk 00:02:20]} {[%emt 00:02:06]} Rxe4 {[%clk 00:02:47]} {[%emt
00:01:19]} 50. Ba5 {[%clk 00:02:30]} {[%emt 00:00:20]} Nec6 {[%clk 00:02:46]}
{[%emt 00:00:31]} 51. Rxc6 {[%clk 00:02:37]} {[%emt 00:00:22]} Nxc6 {[%clk
00:03:11]} {[%emt 00:00:05]} 1/2-1/2

[Event "European Chess Club Cup 2023"]
[Site "Durres, Albania"]
[Date "2023.10.03"]
[Round "3.64"]
[White "Benmesbah, Natacha"]
[Black "Bronstein, Or"]
[Result "1-0"]
[TimeControl "90' + 30' & 30\""]
[WhiteElo "2267"]
[BlackElo "2433"]

1. e4 {[%clk 01:30:58]} {[%emt 00:00:01]} e6 {[%clk 01:30:13]} {[%emt
00:00:47]} 2. d4 {[%clk 01:29:50]} {[%emt 00:01:39]} d5 {[%clk 01:30:19]}
{[%emt 00:00:23]} 3. Nc3 {[%clk 01:30:14]} {[%emt 00:00:06]} Nf6 {[%clk
01:30:02]} {[%emt 00:00:47]} 4. Bg5 {[%clk 01:28:30]} {[%emt 00:02:15]} Bb4
{[%clk 01:25:06]} {[%emt 00:05:25]} 5. exd5 {[%clk 01:27:17]} {[%emt 00:01:43]}
Qxd5 {[%clk 01:23:36]} {[%emt 00:01:59]} 6. Bxf6 {[%clk 01:27:39]} {[%emt
00:00:09]} Bxc3+ {[%clk 01:23:53]} {[%emt 00:00:13]} 7. bxc3 {[%clk 01:28:04]}
{[%emt 00:00:05]} gxf6 {[%clk 01:24:18]} {[%emt 00:00:05]} 8. Qd2 {[%clk
01:26:04]} {[%emt 00:02:30]} Nc6 {[%clk 01:22:27]} {[%emt 00:02:21]} 9. Nf3
{[%clk 01:22:43]} {[%emt 00:03:50]} Rg8 {[%clk 01:13:55]} {[%emt 00:09:03]} 10.
Qf4 {[%clk 01:15:19]} {[%emt 00:07:54]} Qa5 {[%clk 01:12:35]} {[%emt 00:01:50]}
11. Qe3 {[%clk 01:13:53]} {[%emt 00:01:56]} b6 {[%clk 01:01:32]} {[%emt
00:11:33]} 12. Nd2 {[%clk 01:10:17]} {[%emt 00:04:06]} Bb7 {[%clk 00:58:18]}
{[%emt 00:03:43]} 13. Nb3 {[%clk 01:08:14]} {[%emt 00:02:34]} Qa3 {[%clk
00:50:17]} {[%emt 00:08:31]} 14. d5 {[%clk 00:59:58]} {[%emt 00:08:46]} Ne5
{[%clk 00:50:23]} {[%emt 00:00:24]} 15. Bb5+ {[%clk 00:54:18]} {[%emt
00:06:10]} Ke7 {[%clk 00:47:33]} {[%emt 00:03:20]} 16. dxe6 {[%clk 00:46:14]}
{[%emt 00:08:34]} Rxg2 {[%clk 00:25:29]} {[%emt 00:22:34]} 17. exf7 {[%clk
00:37:23]} {[%emt 00:09:21]} Kxf7 {[%clk 00:24:57]} {[%emt 00:01:02]} 18. Qh3
{[%clk 00:36:48]} {[%emt 00:01:05]} Rd8 {[%clk 00:19:25]} {[%emt 00:06:01]} 19.
Qxh7+ {[%clk 00:35:49]} {[%emt 00:01:30]} Rg7 {[%clk 00:19:53]} {[%emt
00:00:02]} 20. Qh5+ {[%clk 00:35:02]} {[%emt 00:01:17]} Kg8 {[%clk 00:19:55]}
{[%emt 00:00:28]} 21. f4 {[%clk 00:33:54]} {[%emt 00:01:39]} Nf3+ {[%clk
00:05:35]} {[%emt 00:14:50]} 22. Kf2 {[%clk 00:30:19]} {[%emt 00:04:05]} Bd5
{[%clk 00:01:30]} {[%emt 00:04:34]} 23. Rhd1 {[%clk 00:24:31]} {[%emt
00:06:18]} Nd2 {[%clk 00:00:49]} {[%emt 00:01:12]} 24. Rxd2 {[%clk 00:22:48]}
{[%emt 00:02:13]} Rg2+ {[%clk 00:01:05]} {[%emt 00:00:14]} 25. Kf1 {[%clk
00:22:11]} {[%emt 00:01:07]} c6 {[%clk 00:00:31]} {[%emt 00:01:04]} 26. Rxg2+
{[%clk 00:21:43]} {[%emt 00:00:57]} 1-0

[Event "European Chess Club Cup 2023"]
[Site "Durres, Albania"]
[Date "2023.10.03"]
[Round "3.65"]
[White "Sokolovsky, Yahli"]
[Black "Mayans Calvo, Mariano"]
[Result "1-0"]
[TimeControl "90' + 30' & 30\""]
[WhiteElo "2447"]
[BlackElo "2236"]

1. e4 {[%clk 01:30:57]} {[%emt 00:00:02]} e6 {[%clk 01:29:44]} {[%emt
00:01:16]} 2. d4 {[%clk 01:31:18]} {[%emt 00:00:09]} d5 {[%clk 01:29:49]}
{[%emt 00:00:25]} 3. e5 {[%clk 01:31:43]} {[%emt 00:00:06]} c5 {[%clk
01:30:05]} {[%emt 00:00:10]} 4. c3 {[%clk 01:32:11]} {[%emt 00:00:06]} Qb6
{[%clk 01:29:44]} {[%emt 00:00:51]} 5. Nf3 {[%clk 01:32:15]} {[%emt 00:00:26]}
Bd7 {[%clk 01:28:36]} {[%emt 00:01:37]} 6. Bd3 {[%clk 01:32:39]} {[%emt
00:00:06]} cxd4 {[%clk 01:28:01]} {[%emt 00:01:06]} 7. O-O {[%clk 01:32:55]}
{[%emt 00:00:14]} Bb5 {[%clk 01:22:07]} {[%emt 00:06:24]} 8. Bxb5+ {[%clk
01:33:17]} {[%emt 00:00:08]} Qxb5 {[%clk 01:22:35]} {[%emt 00:00:01]} 9. cxd4
{[%clk 01:33:26]} {[%emt 00:00:22]} Qd7 {[%emt 00:14:11]} 10. Nc3 {[%clk
01:27:40]} Nc6 {[%clk 01:13:08]} {[%emt 00:02:31]} 11. a3 {[%clk 01:18:37]}
{[%emt 00:09:34]} Nge7 {[%clk 01:10:32]} {[%emt 00:03:05]} 12. Ne2 {[%clk
01:17:49]} {[%emt 00:01:18]} Ng6 {[%clk 01:05:50]} {[%emt 00:05:11]} 13. h4
{[%clk 01:14:23]} {[%emt 00:03:57]} h5 {[%clk 00:56:57]} {[%emt 00:09:22]} 14.
Qd3 {[%clk 01:13:39]} {[%emt 00:01:16]} Be7 {[%clk 00:44:40]} {[%emt 00:12:46]}
15. g3 {[%clk 01:13:52]} {[%emt 00:00:16]} a6 {[%clk 00:41:10]} {[%emt
00:04:01]} 16. Bd2 {[%clk 01:12:42]} {[%emt 00:01:40]} Na7 {[%clk 00:36:03]}
{[%emt 00:05:37]} 17. Rfc1 {[%clk 01:02:47]} {[%emt 00:10:25]} Qb5 {[%clk
00:31:55]} {[%emt 00:04:38]} 18. Qe3 {[%clk 01:03:06]} {[%emt 00:00:11]} Rc8
{[%clk 00:30:19]} {[%emt 00:02:06]} 19. Rxc8+ {[%clk 00:47:02]} {[%emt
00:16:35]} Nxc8 {[%clk 00:30:46]} {[%emt 00:00:01]} 20. Rc1 {[%clk 00:47:26]}
{[%emt 00:00:08]} Nb6 {[%clk 00:28:38]} {[%emt 00:02:37]} 21. Bb4 {[%clk
00:38:14]} {[%emt 00:09:42]} Nc4 {[%clk 00:25:25]} {[%emt 00:03:43]} 22. Qc3
{[%clk 00:37:12]} {[%emt 00:01:32]} O-O {[%clk 00:25:24]} {[%emt 00:00:30]} 23.
Rc2 {[%clk 00:21:18]} {[%emt 00:16:25]} a5 {[%clk 00:22:38]} {[%emt 00:03:16]}
24. Bxe7 {[%clk 00:21:25]} {[%emt 00:00:23]} Nxe7 {[%clk 00:23:06]} {[%emt
00:00:02]} 25. a4 {[%clk 00:20:08]} {[%emt 00:01:47]} Qa6 {[%clk 00:21:29]}
{[%emt 00:02:08]} 26. Ng5 {[%clk 00:18:25]} {[%emt 00:02:13]} g6 {[%clk
00:17:23]} {[%emt 00:04:36]} 27. b3 {[%clk 00:17:54]} {[%emt 00:01:00]} Nb6
{[%clk 00:16:16]} {[%emt 00:01:37]} 28. Qd2 {[%clk 00:15:08]} {[%emt 00:03:16]}
Nf5 {[%clk 00:14:25]} {[%emt 00:02:20]} 29. Rc5 {[%clk 00:12:36]} {[%emt
00:03:03]} Nd7 {[%clk 00:14:54]} {[%emt 00:00:02]} 30. Rc7 {[%clk 00:12:49]}
{[%emt 00:00:17]} Nb8 {[%clk 00:12:39]} {[%emt 00:02:44]} 31. Nc3 {[%clk
00:05:00]} {[%emt 00:08:20]} Qb6 {[%clk 00:09:32]} {[%emt 00:03:37]} 32. Nb5
{[%clk 00:05:29]} {[%emt 00:00:01]} Nc6 {[%clk 00:10:01]} 33. Nf3 {[%clk
00:02:04]} {[%emt 00:03:54]} Na7 {[%clk 00:08:21]} {[%emt 00:02:10]} 34. Rc5
{[%clk 00:02:33]} {[%emt 00:00:02]} Nc6 {[%clk 00:07:50]} {[%emt 00:01:00]} 35.
Rc1 {[%clk 00:02:34]} {[%emt 00:00:29]} Qd8 {[%clk 00:06:53]} {[%emt 00:01:27]}
36. Qf4 {[%clk 00:03:03]} {[%emt 00:00:02]} Qd7 {[%clk 00:03:05]} {[%emt
00:04:17]} 37. Kg2 {[%clk 00:02:48]} {[%emt 00:00:45]} Kg7 {[%clk 00:00:53]}
{[%emt 00:02:04]} 38. Rh1 {[%clk 00:02:49]} {[%emt 00:01:07]} Qe7 {[%clk
00:00:53]} {[%emt 00:00:30]} 39. Ng5 {[%clk 00:01:03]} {[%emt 00:02:17]} Rh8
{[%clk 00:00:41]} {[%emt 00:00:42]} 40. Rd1 {[%clk 00:00:47]} {[%emt 00:00:45]}
Rd8 {[%clk 00:00:35]} {[%emt 00:00:36]} 41. Rd3 {[%clk 00:28:32]} {[%emt
00:02:45]} Rd7 {[%clk 00:28:35]} {[%emt 00:02:30]} 42. f3 {[%clk 00:19:44]}
{[%emt 00:09:18]} Qb4 {[%clk 00:23:49]} {[%emt 00:05:17]} 43. Kf2 {[%clk
00:19:18]} {[%emt 00:00:55]} Qe7 {[%clk 00:14:32]} {[%emt 00:09:45]} 44. g4
{[%clk 00:17:58]} {[%emt 00:01:52]} Nh6 {[%clk 00:05:41]} {[%emt 00:09:21]} 45.
gxh5 {[%clk 00:13:42]} {[%emt 00:04:47]} Nf5 {[%clk 00:03:17]} {[%emt
00:02:54]} 46. Nd6 {[%clk 00:14:10]} {[%emt 00:00:01]} Nxd6 {[%clk 00:00:38]}
{[%emt 00:03:10]} 47. exd6 {[%clk 00:11:19]} {[%emt 00:03:21]} Qf8 {[%clk
00:01:01]} {[%emt 00:00:07]} 48. h6+ {[%clk 00:10:44]} {[%emt 00:01:03]} Kg8
{[%clk 00:01:02]} {[%emt 00:00:30]} 49. h7+ {[%clk 00:11:07]} {[%emt 00:00:07]}
Kh8 {[%clk 00:01:19]} {[%emt 00:00:13]} 50. Nxe6 {[%clk 00:11:21]} {[%emt
00:00:15]} 1-0

[Event "European Chess Club Cup 2023"]
[Site "Durres, Albania"]
[Date "2023.10.03"]
[Round "3.66"]
[White "Durand-Benmoussa, Roman"]
[Black "Veinberg, Nimrod"]
[Result "0-1"]
[TimeControl "90' + 30' & 30\""]
[WhiteElo "1922"]
[BlackElo "2402"]

1. e4 {[%clk 01:29:40]} {[%emt 00:01:19]} e5 {[%clk 01:30:08]} {[%emt
00:00:52]} 2. Nf3 {[%clk 01:29:54]} {[%emt 00:00:16]} Nc6 {[%clk 01:29:53]}
{[%emt 00:00:45]} 3. Nc3 {[%clk 01:29:39]} {[%emt 00:00:44]} Nf6 {[%clk
01:28:22]} {[%emt 00:02:02]} 4. d4 {[%clk 01:29:16]} {[%emt 00:00:54]} exd4
{[%clk 01:28:39]} {[%emt 00:00:12]} 5. Nxd4 {[%clk 01:29:39]} {[%emt 00:00:07]}
Bb4 {[%clk 01:27:02]} {[%emt 00:02:07]} 6. Nxc6 {[%clk 01:29:57]} {[%emt
00:00:12]} bxc6 {[%clk 01:27:14]} {[%emt 00:00:18]} 7. Bd3 {[%clk 01:30:14]}
{[%emt 00:00:13]} O-O {[%clk 01:25:52]} {[%emt 00:01:52]} 8. O-O {[%clk
01:30:00]} {[%emt 00:00:44]} d5 {[%clk 01:25:53]} {[%emt 00:00:31]} 9. Bd2
{[%clk 01:29:23]} {[%emt 00:01:04]} Rb8 {[%clk 01:19:01]} {[%emt 00:07:23]} 10.
Re1 {[%clk 01:28:42]} {[%emt 00:01:12]} Re8 {[%clk 01:17:50]} {[%emt 00:01:41]}
11. h3 {[%clk 00:56:40]} {[%emt 00:32:32]} h6 {[%clk 00:59:42]} {[%emt
00:18:37]} 12. a3 {[%clk 00:40:19]} {[%emt 00:16:51]} Bxc3 {[%clk 00:47:54]}
{[%emt 00:12:17]} 13. Bxc3 {[%clk 00:40:23]} {[%emt 00:00:26]} dxe4 {[%clk
00:48:07]} {[%emt 00:00:18]} 14. Bxf6 {[%clk 00:35:47]} {[%emt 00:05:06]} Qxf6
{[%clk 00:45:47]} {[%emt 00:02:49]} 15. Rxe4 {[%clk 00:31:54]} {[%emt
00:04:23]} Rxe4 {[%clk 00:44:51]} {[%emt 00:01:27]} 16. Bxe4 {[%clk 00:32:17]}
{[%emt 00:00:06]} Rxb2 {[%clk 00:44:11]} {[%emt 00:01:10]} 17. Qd3 {[%clk
00:17:04]} {[%emt 00:15:44]} Be6 {[%clk 00:24:21]} {[%emt 00:20:20]} 18. Rd1
{[%clk 00:14:30]} {[%emt 00:03:03]} g6 {[%clk 00:18:19]} {[%emt 00:06:33]} 19.
Bxc6 {[%clk 00:12:40]} {[%emt 00:02:20]} Rb6 {[%clk 00:15:19]} {[%emt
00:03:30]} 20. Qf3 {[%clk 00:09:40]} {[%emt 00:03:31]} Kg7 {[%clk 00:15:20]}
{[%emt 00:00:29]} 21. Be4 {[%clk 00:06:52]} {[%emt 00:03:17]} c5 {[%clk
00:09:32]} {[%emt 00:06:19]} 22. Qe3 {[%clk 00:01:43]} {[%emt 00:05:39]} c4
{[%clk 00:05:34]} {[%emt 00:04:28]} 23. Qc5 {[%clk 00:01:11]} {[%emt 00:01:02]}
Ra6 {[%clk 00:03:38]} {[%emt 00:02:26]} 24. Bb7 {[%clk 00:01:08]} {[%emt
00:00:32]} Rb6 {[%clk 00:03:49]} {[%emt 00:00:19]} 25. Be4 {[%clk 00:01:34]}
{[%emt 00:00:04]} Qg5 {[%clk 00:01:29]} {[%emt 00:02:50]} 26. Qc7 {[%clk
00:00:42]} {[%emt 00:01:22]} Ra6 {[%clk 00:01:04]} {[%emt 00:00:56]} 27. Ra1
{[%clk 00:00:32]} {[%emt 00:00:39]} Qf6 {[%clk 00:00:56]} {[%emt 00:00:38]} 28.
Ra2 {[%clk 00:00:42]} {[%emt 00:00:21]} Qc3 {[%clk 00:01:02]} {[%emt 00:00:23]}
29. f3 {[%clk 00:00:49]} {[%emt 00:00:24]} Qe1+ {[%clk 00:00:41]} {[%emt
00:00:50]} 30. Kh2 {[%clk 00:01:17]} {[%emt 00:00:01]} c3 {[%clk 00:01:10]}
{[%emt 00:00:02]} 31. Bd3 {[%clk 00:00:54]} {[%emt 00:00:53]} Ra4 {[%clk
00:01:01]} {[%emt 00:00:39]} 32. Qc6 {[%clk 00:00:34]} {[%emt 00:00:51]} Rd4
{[%clk 00:01:20]} {[%emt 00:00:10]} 33. Qc5 {[%clk 00:00:31]} {[%emt 00:00:33]}
Rxd3 {[%clk 00:01:38]} {[%emt 00:00:12]} 0-1

[Event "European Chess Club Cup 2023"]
[Site "Durres, Albania"]
[Date "2023.10.03"]
[Round "3.67"]
[White "Smeets, Jan"]
[Black "Vocaturo, Daniele"]
[Result "0-1"]
[TimeControl "90' + 30' & 30\""]
[WhiteElo "2548"]
[BlackElo "2625"]

1. e4 {[%clk 01:30:53]} {[%emt 00:00:07]} c5 {[%clk 01:30:30]} {[%emt
00:00:30]} 2. Nf3 {[%clk 01:31:12]} {[%emt 00:00:10]} d6 {[%clk 01:30:22]}
{[%emt 00:00:38]} 3. Bb5+ {[%clk 01:31:19]} {[%emt 00:00:24]} Bd7 {[%clk
01:29:51]} {[%emt 00:01:01]} 4. Bxd7+ {[%clk 01:31:20]} {[%emt 00:00:29]} Nxd7
{[%clk 01:30:07]} {[%emt 00:00:14]} 5. O-O {[%clk 01:31:01]} {[%emt 00:00:49]}
e6 {[%clk 01:28:56]} {[%emt 00:01:41]} 6. Qe2 {[%clk 01:27:01]} {[%emt
00:04:31]} Be7 {[%clk 01:27:22]} {[%emt 00:02:03]} 7. b3 {[%clk 01:26:37]}
{[%emt 00:00:55]} Rc8 {[%clk 01:22:00]} {[%emt 00:05:52]} 8. Bb2 {[%clk
01:15:34]} {[%emt 00:11:34]} Bf6 {[%clk 01:20:29]} {[%emt 00:02:00]} 9. c3
{[%clk 01:07:01]} {[%emt 00:09:04]} Ne7 {[%clk 01:18:53]} {[%emt 00:02:04]} 10.
d4 {[%clk 01:06:40]} {[%emt 00:00:52]} Ng6 {[%clk 01:18:08]} {[%emt 00:01:15]}
11. g3 {[%clk 01:05:24]} {[%emt 00:01:47]} O-O {[%clk 01:13:38]} {[%emt
00:04:59]} 12. Na3 {[%clk 00:46:17]} {[%emt 00:19:38]} d5 {[%clk 01:01:57]}
{[%emt 00:12:11]} 13. e5 {[%clk 00:31:47]} {[%emt 00:14:59]} Be7 {[%clk
01:02:21]} {[%emt 00:00:06]} 14. h4 {[%clk 00:31:37]} {[%emt 00:00:41]} cxd4
{[%clk 00:52:32]} {[%emt 00:10:18]} 15. cxd4 {[%clk 00:32:00]} {[%emt
00:00:07]} f5 {[%clk 00:51:24]} {[%emt 00:01:38]} 16. Rac1 {[%clk 00:17:35]}
{[%emt 00:14:56]} Nb8 {[%clk 00:36:27]} {[%emt 00:15:27]} 17. Qb5 {[%clk
00:16:46]} {[%emt 00:01:19]} Rc7 {[%clk 00:36:29]} {[%emt 00:00:27]} 18. Rxc7
{[%clk 00:09:55]} {[%emt 00:07:21]} Qxc7 {[%clk 00:36:53]} {[%emt 00:00:05]} 19.
Rc1 {[%clk 00:10:05]} {[%emt 00:00:20]} Nc6 {[%clk 00:37:09]} {[%emt 00:00:14]}
20. Nc2 {[%clk 00:06:40]} {[%emt 00:03:56]} f4 {[%clk 00:32:54]} {[%emt
00:04:45]} 21. Nce1 {[%clk 00:04:02]} {[%emt 00:03:08]} fxg3 {[%clk 00:30:55]}
{[%emt 00:02:28]} 22. fxg3 {[%clk 00:04:31]} {[%emt 00:00:02]} a6 {[%clk
00:28:37]} {[%emt 00:02:48]} 23. Qe2 {[%clk 00:04:05]} {[%emt 00:00:56]} Qa5
{[%clk 00:28:34]} {[%emt 00:00:33]} 24. Bc3 {[%clk 00:04:03]} {[%emt 00:00:33]}
Bb4 {[%clk 00:27:30]} {[%emt 00:01:34]} 25. Ba1 {[%clk 00:01:43]} {[%emt
00:02:50]} Bxe1 {[%clk 00:21:43]} {[%emt 00:06:17]} 26. Nxe1 {[%clk 00:02:03]}
{[%emt 00:00:11]} Nge7 {[%clk 00:22:07]} {[%emt 00:00:05]} 27. Nf3 {[%clk
00:01:51]} {[%emt 00:00:42]} Nf5 {[%clk 00:21:58]} {[%emt 00:00:38]} 28. Kg2
{[%clk 00:01:38]} {[%emt 00:00:44]} Qa3 {[%clk 00:20:19]} {[%emt 00:02:08]} 29.
Qd2 {[%clk 00:00:37]} {[%emt 00:01:31]} Qe7 {[%clk 00:19:30]} {[%emt 00:01:19]}
30. Bc3 {[%clk 00:00:35]} {[%emt 00:00:33]} Qf7 {[%clk 00:18:55]} {[%emt
00:01:04]} 31. g4 {[%clk 00:00:37]} {[%emt 00:00:28]} Nh6 {[%clk 00:16:14]}
{[%emt 00:03:11]} 32. Ng5 {[%clk 00:00:45]} {[%emt 00:00:23]} Qe8 {[%clk
00:12:26]} {[%emt 00:04:18]} 33. Qd3 {[%clk 00:00:52]} {[%emt 00:00:24]} g6
{[%clk 00:12:48]} {[%emt 00:00:07]} 34. Kg3 {[%clk 00:01:08]} {[%emt 00:00:14]}
Nf7 {[%clk 00:12:20]} {[%emt 00:00:57]} 35. Nh3 {[%clk 00:01:11]} {[%emt
00:00:27]} Qe7 {[%clk 00:11:45]} {[%emt 00:01:05]} 36. Bd2 {[%clk 00:00:45]}
{[%emt 00:00:56]} Qa3 {[%clk 00:09:29]} {[%emt 00:02:45]} 37. Nf4 {[%clk
00:00:46]} {[%emt 00:00:30]} Nb4 {[%clk 00:07:53]} {[%emt 00:02:06]} 38. Bxb4
{[%clk 00:00:43]} {[%emt 00:00:33]} Qxc1 {[%clk 00:07:58]} {[%emt 00:00:24]} 39.
Bxf8 {[%clk 00:01:06]} {[%emt 00:00:07]} Qg1+ {[%clk 00:07:48]} {[%emt
00:00:40]} 40. Kf3 {[%clk 00:00:42]} {[%emt 00:00:54]} Qh1+ {[%clk 00:07:45]}
{[%emt 00:00:32]} 41. Kf2 {[%clk 00:16:00]} {[%emt 00:15:13]} Qh2+ {[%clk
00:34:37]} {[%emt 00:03:38]} 42. Ng2 {[%clk 00:16:22]} {[%emt 00:00:08]} Kxf8
{[%clk 00:35:03]} {[%emt 00:00:04]} 43. Qc3 {[%clk 00:11:42]} {[%emt 00:05:10]}
Ke8 {[%clk 00:34:45]} {[%emt 00:00:47]} 44. Qc7 {[%clk 00:11:50]} {[%emt
00:00:22]} Qh3 {[%clk 00:34:29]} {[%emt 00:00:45]} 45. Qxb7 {[%clk 00:04:14]}
{[%emt 00:08:07]} Qxg4 {[%clk 00:34:46]} {[%emt 00:00:13]} 46. Qb8+ {[%clk
00:04:25]} {[%emt 00:00:19]} Nd8 {[%clk 00:33:36]} {[%emt 00:01:39]} 47. Qa7
{[%clk 00:03:56]} {[%emt 00:00:59]} h5 {[%clk 00:32:17]} {[%emt 00:01:49]} 48.
a4 {[%clk 00:02:40]} {[%emt 00:01:47]} g5 {[%clk 00:30:26]} {[%emt 00:02:19]}
49. hxg5 {[%clk 00:01:36]} {[%emt 00:01:34]} h4 {[%clk 00:30:03]} {[%emt
00:00:54]} 50. Ne3 {[%clk 00:00:44]} {[%emt 00:01:22]} Qxg5 {[%clk 00:29:39]}
{[%emt 00:00:53]} 51. Qxa6 {[%clk 00:00:48]} {[%emt 00:00:27]} h3 {[%clk
00:28:14]} {[%emt 00:01:54]} 52. Qf1 {[%clk 00:00:37]} {[%emt 00:00:41]} h2
{[%clk 00:26:46]} {[%emt 00:01:57]} 53. Qh1 {[%clk 00:00:33]} {[%emt 00:00:34]}
Qf4+ {[%clk 00:26:58]} {[%emt 00:00:18]} 54. Ke2 {[%clk 00:00:56]} {[%emt
00:00:07]} Nc6 {[%clk 00:27:06]} {[%emt 00:00:21]} 55. Nf1 {[%clk 00:00:36]}
{[%emt 00:00:51]} Nxd4+ {[%clk 00:27:06]} {[%emt 00:00:30]} 56. Ke1 {[%clk
00:00:47]} {[%emt 00:00:19]} Nf3+ {[%clk 00:23:19]} {[%emt 00:04:17]} 57. Ke2
{[%clk 00:00:49]} {[%emt 00:00:28]} Qxe5+ {[%clk 00:22:13]} {[%emt 00:01:37]}
0-1